Mathematical simulation of low-temperature gas separation; Petroleum and Coal; Vol. 59, iss. 2
| Parent link: | Petroleum and Coal Vol. 59, iss. 2.— 2016.— [P. 210-219] |
|---|---|
| Autor kompanije: | |
| Daljnji autori: | , , , |
| Sažetak: | Title screen The relevance of this work is due to the need to increase the quality of the natural gas treatment. The aim of the work was to study separation process with a software package that simulates changes in the technological performance of the low-temperature separation installation in real time for the study of the effect of operating conditions changes on separate devices and technological system as a whole. As a method of research, a method of mathematical modeling of chemical processes has been selected. As an example, we developed the three-stage separator computer model. Thus, the study used a program module for calculating on a three-stage separator - one of the most important elements of low-temperature separation installation - considering the effect of control system parameters (control valves for gas and liquids) and the generally accepted principles of separation of three-phase mixture (Stokes' law, the laws of phase equilibrium, etc.). |
| Jezik: | engleski |
| Izdano: |
2016
|
| Teme: | |
| Online pristup: | http://www.vurup.sk/sites/vurup.sk/files/downloads/pc_2_2017_dolganova_1__2017.pdf |
| Format: | Elektronički Poglavlje knjige |
| KOHA link: | https://koha.lib.tpu.ru/cgi-bin/koha/opac-detail.pl?biblionumber=654810 |
MARC
| LEADER | 00000naa0a2200000 4500 | ||
|---|---|---|---|
| 001 | 654810 | ||
| 005 | 20250313134837.0 | ||
| 035 | |a (RuTPU)RU\TPU\network\20497 | ||
| 090 | |a 654810 | ||
| 100 | |a 20170523d2017 k||y0rusy50 ba | ||
| 101 | 0 | |a eng | |
| 102 | |a SK | ||
| 135 | |a drcn ---uucaa | ||
| 181 | 0 | |a i | |
| 182 | 0 | |a b | |
| 200 | 1 | |a Mathematical simulation of low-temperature gas separation |f A. A. Bunaev, I. M. Dolganov, I. O. Dolganova, A. Vladesku | |
| 203 | |a Text |c electronic | ||
| 300 | |a Title screen | ||
| 320 | |a [References: p. 218-219 (17 tit.)] | ||
| 330 | |a The relevance of this work is due to the need to increase the quality of the natural gas treatment. The aim of the work was to study separation process with a software package that simulates changes in the technological performance of the low-temperature separation installation in real time for the study of the effect of operating conditions changes on separate devices and technological system as a whole. As a method of research, a method of mathematical modeling of chemical processes has been selected. As an example, we developed the three-stage separator computer model. Thus, the study used a program module for calculating on a three-stage separator - one of the most important elements of low-temperature separation installation - considering the effect of control system parameters (control valves for gas and liquids) and the generally accepted principles of separation of three-phase mixture (Stokes' law, the laws of phase equilibrium, etc.). | ||
| 461 | |t Petroleum and Coal | ||
| 463 | |t Vol. 59, iss. 2 |v [P. 210-219] |d 2016 | ||
| 610 | 1 | |a электронный ресурс | |
| 610 | 1 | |a труды учёных ТПУ | |
| 610 | 1 | |a низкотемпературное разделение | |
| 610 | 1 | |a газы | |
| 610 | 1 | |a математическое моделирование | |
| 610 | 1 | |a динамическое поведение | |
| 701 | 1 | |a Bunaev |b A. A. |c chemist |c engineer of Tomsk Polytechnic University |f 1996- |g Ayur Alekseevich |3 (RuTPU)RU\TPU\pers\47027 | |
| 701 | 1 | |a Dolganov |b I. M. |c Chemical Engineer |c Associate Professor of Tomsk Polytechnic University, Candidate of Technical Sciences |f 1987- |g Igor Mikhailovich |3 (RuTPU)RU\TPU\pers\32216 |9 16216 | |
| 701 | 1 | |a Dolganova |b I. O. |c chemist |c Associate Scientist of Tomsk Polytechnic University, postgraduate student, candidate of technical Sciences |f 1988- |g Irena Olegovna |3 (RuTPU)RU\TPU\pers\31271 |9 15449 | |
| 701 | 1 | |a Vladesku |b A. |c Romanian specialists in the field of biomaterials |c researcher of Tomsk Polytechnic University, candidate of biological Sciences |f 1977- |g Alina |3 (RuTPU)RU\TPU\pers\39940 | |
| 712 | 0 | 2 | |a Национальный исследовательский Томский политехнический университет (ТПУ) |b Институт природных ресурсов (ИПР) |b Кафедра химической технологии топлива и химической кибернетики (ХТТ) |3 (RuTPU)RU\TPU\col\18665 |
| 801 | 2 | |a RU |b 63413507 |c 20211208 |g RCR | |
| 856 | 4 | |u http://www.vurup.sk/sites/vurup.sk/files/downloads/pc_2_2017_dolganova_1__2017.pdf | |
| 942 | |c CF | ||